[Event "Southend op"]
[Site "London"]
[Date "2001.04.15"]
[Round "6"]
[White "Walker, Graham"]
[Black "Piggott, Roly"]
[Result "1-0"]
[WhiteElo "1520"]
[BlackElo "1720"]
[PlyCount "61"]
[EventDate "2001.04.13"]
[EventType "swiss"]
[EventRounds "7"]
[EventCountry "ENG"]
[SourceTitle "EXT 2006"]
[Source "ChessBase"]
[SourceDate "2005.11.24"]
[SourceVersion "1"]
[SourceVersionDate "2005.11.24"]
[SourceQuality "1"]

1. d4 Nf6 2. c4 e6 3. Nc3 Bb4 4. Bd2 0-0 5. Qc2 d5 6. e3 c5 7. Nf3 Nc6 8. a3 cxd4 9. Nxd4 Nxd4 10. exd4 Bxc3 11. bxc3 dxc4 12. Bxc4 Qa5 13. 0-0 Bd7 14. Rfb1 Bc6 15. a4 a6 16. Be2 Rfd8 17. c4 Qc7 18. Be3 Rac8 19. d5 Bxd5 20. Bb6 Qc6 21. Bxd8 Rxd8 22. Rd1 Rc8 23. f3 Kf8 24. Rac1 Qc5+ 25. Kh1 Bc6 26. Bd3 h6 27. Rd2 Qa5 28. Ra1 Qe5 29. Qa2 Rd8 30. Qa3+ Kg8 31. Bh7+ 1-0

[Event "Southend op"]
[Site "London"]
[Date "2001.04.13"]
[Round "1"]
[White "Piggott, Roly"]
[Black "Trent, Lawrence"]
[Result "0-1"]
[WhiteElo "1720"]
[BlackElo "2258"]
[PlyCount "28"]
[EventDate "2001.04.13"]
[EventType "swiss"]
[EventRounds "7"]
[EventCountry "ENG"]
[SourceTitle "EXT 2006"]
[Source "ChessBase"]
[SourceDate "2005.11.24"]
[SourceVersion "1"]
[SourceVersionDate "2005.11.24"]
[SourceQuality "1"]

1. e4 c5 2. Nf3 d6 3. d4 cxd4 4. Nxd4 Nf6 5. Nc3 g6 6. Be2 Bg7 7. Be3 0-0 8. Qd2 Nc6 9. f3 d5 10. exd5 Nxd5 11. Nxc6 bxc6 12. Nxd5 cxd5 13. c3 e5 14. Bh6 Qh4+ 0-1